| 000 | 00897nam a2200289Ia 4500 | ||
|---|---|---|---|
| 001 | D8470 | ||
| 003 | IT-RoPAU | ||
| 008 | 130308s9999 xx 000 0 und d | ||
| 040 | _aIT-RoPAU | ||
| 040 | _cIT-RoPAU | ||
| 041 | _aITALIANO | ||
| 100 | _aLongo Giuseppe | ||
| 100 | _gCodice Aut. SPICS: 116 | ||
| 245 | _aIntroduzione alla teoria dell'informazione | ||
| 245 | _bTeoria dell'Informazione | ||
| 250 | _a1a ed. | ||
| 260 | _aNAPOLI | ||
| 260 | _bCuen | ||
| 260 | _c1996 [1° Ed.:1996 - Ed.Ling.Originale:1996] | ||
| 300 | _a"35 p. (prefazione: no ; testo: 35 [pagine: 27-61])" | ||
| 500 | _aTeoria di Shannon. Scienze dell'Informazione. che Cosa significa Informazione? Informazione e Probabilità. codifica e Codici. codici Ottimi. | ||
| 650 | _aTEORIA DELLA COMUNICAZIONE SOCIALE | ||
| 650 | _eCodice materia Spics: 3802 | ||
| 942 | _cBK | ||
| 957 | _71 | ||
| 999 |
_c96337 _d96337 |
||
| 999 | _g1 | ||